Ti dipingo il mio colore addosso /

Uloženo v:
Podrobná bibliografie
Hlavní autor: Cingolo, Maria Stella (Autor)
Médium: Kniha
Jazyk:italština
Vydáno: Correggio : Butterfly Edizioni, 2011
Edice:Coccinelle
Tagy: Přidat tag
Žádné tagy, Buďte první, kdo vytvoří štítek k tomuto záznamu!

MARC

LEADER 00000nam a22000007i 4500
001 IT\ICCU\TO0\1844746
003 ItRI
005 20251029113903.0
008 120531s2011 it |||||| ||||| |||||c
020 |a 9788890575372 
040 |b ita  |c ct 
041 7 |a ita  |2 ISO-639-2 
100 1 |a Cingolo, Maria Stella  |0 IT\ICCU\BVEV\151590  |4 aut 
245 1 0 |a Ti dipingo il mio colore addosso /  |c Maria Stella Cingolo. 
260 |a Correggio :  |b Butterfly Edizioni,  |c 2011 
300 |a 47 p. ;  |c 21 cm. 
830 0 |a Coccinelle  |0 IT\ICCU\TO0\1844747 
942 |2 ddc  |c BK 
952 |0 0  |1 0  |2 ddc  |4 0  |6 853_920000000000000_CIN_TID  |7 0  |9 172  |a GE  |b GE  |d 2015-12-14  |l 0  |o 853.92 CIN TID  |p 3061  |r 2023-11-10 20:26:00  |w 2023-11-10  |y BK 
999 |c 143  |d 143